[Event "Défi"]
[Site "www.echecsemail.com"]
[Date "2026.01.15"]
[Round "1"]
[White "Mimie"]
[Black "Castor"]
[WhiteElo "1660"]
[BlackElo "1350"]
[Result "1-0"]
1.e4 c6
2.d4 d5
3.e5 Bc8f5
4.Ng1f3 Nb8a6
5.c3 e6
6.Nb1d2 c5
7.Bf1xa6 bxa6
8.Qd1a4 Qd8d7
9.Qa4xa6 Ng8e7
10.dxc5 Ne7c6
11.b4 Nc6b8
12.Qa6e2 Bf8e7
13.O-O O-O
14.Nf3d4 Bf5g6
15.Nd2f3 Qd7b7
16.a3 f6
17.Nd4xe6 Rf8c8
18.Rf1d1 Bg6f7
19.Ne6d4 Rc8e8
20.Nd4f5 Re8d8
21.Bc1f4 Be7f8
22.Nf5d6 Bf8xd6
23.cxd6 Rd8e8
24.Nf3d4 Qb7c7
25.dxc7 Bf7g6
26.cxb8Q Ra8xb8
27.Qe2a6 Rb8a8
28.exf6 Re8f8
29.Bf4e5 Rf8e8
30.Be5g3 Re8f8
31.Nd4c6 Rf8xf6
32.Qa6b7 Rf6f8
33.Nc6e7 Kh8
34.Ne7xg6 hxg6
35.Rd1xd5 Rf8b8
36.Bg3xb8 a5
37.Qb7xa8 Kh7
38.Ra1e1 Kh6
39.Re1e8 Kh7
40.Qa8xa5 Kh6
41.Re8h8 1-0

[Event "Défi"]
[Site "www.echecsemail.com"]
[Date "2026.01.15"]
[Round "1"]
[White "Tinenfant"]
[Black "Chomi64"]
[WhiteElo "1850"]
[BlackElo "1850"]
[Result "1-0"]
1.e4 d5
2.exd5 Ng8f6
3.c4 c6
4.dxc6 Nb8xc6
5.Ng1f3 e5
6.d3 Bc8f5
7.Nb1c3 Bf8c5
8.Bf1e2 O-O
9.O-O Rf8e8
10.Bc1g5 Bc5e7
11.Bg5xf6 Be7xf6
12.Nc3d5 Qd8d6
13.Nd5xf6 Qd6xf6
14.a3 Ra8d8
15.Qd1c2 e4
16.dxe4 Bf5xe4
17.Qc2c1 Qf6g6
18.Qc1f4 Rd8d7
19.Nf3h4 Qg6d6
20.Qf4xd6 Rd7xd6
21.Be2f3 Be4xf3
22.Nh4xf3 Re8e2
23.b4 b6
24.Rf1d1 Rd6xd1
25.Ra1xd1 Re2e6
26.h3 h6
27.Kf1 Kf8
28.Rd1e1 Re6xe1
29.Kxe1 Ke7
30.Ke2 Ke6
31.Kd3 Kd6
32.Ke4 a5
33.b5 Nc6e7
34.Nf3e5 f6
35.Ne5d3 f5
36.Kd4 Ne7g6
37.c5 bxc5
38.Nd3xc5 Ng6e5
39.Nc5b7 Ke6
40.Nb7xa5 Ne5d7
41.f4 Nd7b6
42.Kc5 { abandon }1-0

[Event "Défi"]
[Site "www.echecsemail.com"]
[Date "2026.01.15"]
[Round "1"]
[White "Roquefort"]
[Black "Arno"]
[WhiteElo "1860"]
[BlackElo "1780"]
[Result "1-0"]
1.e4 c5
2.f4 Nb8c6
3.Ng1f3 g6
4.Bf1e2 Bf8g7
5.O-O d6
6.d3 Ng8f6
7.c3 O-O
8.Nb1a3 a6
9.Na3c2 b5
10.Nc2e3 Nf6g4
11.Ne3xg4 Bc8xg4
12.Nf3g5 Bg4xe2
13.Qd1xe2 b4
14.f5 bxc3
15.bxc3 Bg7xc3
16.Ra1b1 Bc3f6
17.fxg6 hxg6
18.Qe2g4 Nc6e5
19.Qg4h4 Bf6xg5
20.Bc1xg5 Ra8b8
21.Bg5xe7 { abandon }1-0

[Event "Défi( 10J+24H/c 10J Max )"]
[Site "www.echecsemail.com"]
[Date "2026.01.15"]
[Round "1"]
[White "Payne42"]
[Black "Mimie"]
[WhiteElo "1830"]
[BlackElo "1620"]
[Result "1-0"]
1.d4 c6
2.c4 d5
3.Nb1c3 dxc4
4.e4 e6
5.Bf1xc4 Ng8f6
6.Bc1g5 Bf8e7
7.Ng1f3 O-O
8.O-O h6
9.Bg5h4 Nf6xe4
10.Bh4xe7 Qd8xe7
11.Nc3xe4 Nb8d7
12.Nf3e5 Nd7xe5
13.dxe5 b5
14.Bc4e2 Rf8d8
15.Ne4d6 a5
16.Qd1c2 f6
17.Nd6xc8 Ra8xc8
18.Ra1d1 Rd8f8
19.exf6 Rf8xf6
20.Be2xb5 Qe7b7
21.Bb5a4 e5
22.Rf1e1 Qb7b6
23.Re1xe5 Qb6c7
24.Rd1e1 Rc8f8
25.Ba4b3 Kh8
26.Re5e7 Qc7f4
27.Re1e2 Qf4d4
28.Re7e3 Rf6xf2
29.Re2xf2 Qd4xe3
30.Qc2d2 Qe3c5
31.Kf1 Rf8xf2
32.Qd2xf2 Qc5c1
33.Qf2e1 Qc1xb2
34.Qe1xa5 Qb2c1
35.Qa5e1 Qc1f4
36.Kg1 Qf4d4
37.Kh1 c5
38.Qe1d1 Qd4b2
39.Qd1c2 Qb2a1
40.Qc2d1 Qa1c3
41.h3 c4
42.Bb3c2 Qc3f6
43.a4 c3
44.Qd1d3 Kg8
45.a5 h5
46.a6 h4
47.Bc2b3 Kf8
48.a7 c2
49.a8Q Qf6d8
50.Qa8xd8 1-0

[Event "Tournoi n27372"]
[Site "www.echecsemail.com"]
[Date "2026.01.15"]
[Round "1"]
[White "Albescab"]
[Black "Verson"]
[WhiteElo "1650"]
[BlackElo "1800"]
[Result "0-1"]
1.e4 e6
2.d3 d5
3.Ng1f3 dxe4
4.Nf3e5 Bf8d6
5.dxe4 Bd6xe5
6.Qd1xd8 Kxd8
7.Bf1d3 Ng8f6
8.O-O Nb8d7
9.Bc1g5 h6
10.Bg5c1 b6
11.Nb1a3 Bc8b7
12.f3 c6
13.c3 g5
14.Bc1e3 Nf6h5
15.Ra1d1 Kc7
16.Bd3e2 Ra8d8
17.Be3d4 Nh5f4
18.Na3c4 Nf4xe2
19.Kh1 Ne2xd4
20.Nc4xe5 Nd7xe5
21.cxd4 Ne5g6
22.b4 e5
23.a4 Rd8xd4
24.Rd1xd4 exd4
25.Rf1d1 Rh8d8
26.Rd1c1 d3
27.b5 c5
28.Kg1 Ng6f4
29.Kf2 Nf4e2
30.Rc1d1 Ne2c3
31.Rd1d2 Nc3xa4
32.Ke3 c4
33.e5 Na4c3
34.g3 Nc3xb5
35.f4 Nb5c3
36.f5 Rd8d5
37.e6 fxe6
38.f6 Nc3e2
39.Ke4 Rd5f5
40.Ke3 Rf5xf6
{ abandon }0-1

[Event "Tournoi n27371"]
[Site "www.echecsemail.com"]
[Date "2026.01.15"]
[Round "1"]
[White "Tiounet"]
[Black "Lancien57"]
[WhiteElo "1670"]
[BlackElo "1440"]
[Result "1-0"]
1.a3 d5
2.b4 e5
3.Bc1b2 Nb8c6
4.b5 Nc6a5
5.Bb2xe5 f6
6.Be5b2 b6
7.a4 Na5c4
8.Bb2c3 Bc8b7
9.Ng1f3 Bf8d6
10.g3 Ng8e7
11.Bf1g2 a6
12.O-O O-O
13.Nf3d4 axb5
14.Nd4e6 Qd8c8
15.axb5 Qc8xe6
16.Ra1xa8 Rf8xa8
17.d3 Nc4e5
18.Rf1e1 Ne5g6
19.e3 Ne7f5
20.Nb1d2 Ng6e5
21.Bg2h3 Ne5g6
22.e4 dxe4
23.dxe4 Qe6f7
24.Bh3xf5 Bb7c8
25.Bf5xc8 Ra8xc8
26.Nd2f3 Bd6e7
27.Qd1d7 Rc8d8
28.Qd7xc7 Rd8d6
29.Nf3d4 Ng6e5
30.Nd4f5 Rd6d7
31.Qc7xb6 Be7d8
32.Qb6c5 h6
33.Re1a1 Rd7c7
34.Qc5b4 Bd8e7
35.Nf5xe7 Rc7xe7
36.Bc3xe5 fxe5
37.Ra1b1 g5
38.b6 Re7b7
39.Qb4c5 Qf7e6
40.Qc5d5 Qe6xd5
41.exd5 Kf7
42.c4 Ke7
43.c5 e4
44.c6 Rb7b8
45.b7 Kd6
46.Rb1b6 Kc7
47.Rb6b5 h5
48.Kg2 g4
49.Rb5b4 Kd6
50.Rb4xe4 Kxd5
51.c7 Rb8xb7
52.c8Q Kxe4
53.Qc8xb7 Kd3
54.Qb7d5 Kc3
55.Qd5xh5 Kd2
56.Qh5xg4 Kd3
57.Qg4a4 Kd2
58.Qa4a3 Ke2
59.f4 Kd2
60.Kf3 Kc2
61.Ke3 Kb1
62.Qa3b3 Kc1
63.Qb3c3 Kb1
64.Kd3 Ka2
65.Qc3b4 Ka1
66.Kc2 Ka2
67.Qb4b2 1-0

[Event "Eq:Pirates du Mat-Mission Impossible :"]
[Site "www.echecsemail.com"]
[Date "2026.01.15"]
[Round "1"]
[White "Apage"]
[Black "Breton"]
[WhiteElo "1970"]
[BlackElo "1980"]
[Result "1-0"]
1.e4 e5
2.Ng1f3 d6
3.d4 exd4
4.Nf3xd4 Ng8f6
5.Nb1c3 Bf8e7
6.Bf1c4 O-O
7.O-O Bc8d7
8.f4 Nb8c6
9.h3 Nc6xd4
10.Qd1xd4 b6
11.Bc1d2 d5
12.Kh1 dxc4
13.Ra1d1 b5
14.e5 c5
15.Qd4f2 Nf6e8
16.Bd2e3 Qd8c8
17.Nc3d5 Be7d8
18.Be3xc5 Bd8b6
19.Nd5e7 Kh8
20.Ne7xc8 Ra8xc8
21.Bc5xb6 axb6
22.Rd1xd7 f6
23.Qf2xb6 fxe5
24.Qb6b7 Rc8c5
25.Rd7e7 exf4
26.Rf1xf4 Rf8g8
27.Rf4f7 Ne8d6
28.Rf7xg7 Rg8xg7
29.Qb7b8 Rc5c8
30.Qb8xd6 Rg7xe7
31.Qd6xe7 Rc8g8
32.Qe7e5 Rg8g7
33.Qe5xb5 Rg7c7
34.Qb5b8 { abandon }1-0

[Event "Défi( 10J+24H/c 10J Max )"]
[Site "www.echecsemail.com"]
[Date "2026.01.15"]
[Round "1"]
[White "Sam"]
[Black "Sylvia13"]
[WhiteElo "1640"]
[BlackElo "1600"]
[Result "1-0"]
1.d4 d5
2.Ng1f3 Nb8c6
3.e3 Ng8f6
4.Nb1c3 Bc8g4
5.Bf1e2 Nc6b4
6.O-O Bg4f5
7.Be2d3 Bf5g4
8.Bd3e2 Bg4h5
9.Nf3e5 Bh5xe2
10.Qd1xe2 e6
11.a3 Nb4c6
12.Ne5xc6 bxc6
13.Qe2a6 Qd8d7
14.Qa6b7 Qd7d8
15.Qb7xc6 Nf6d7
16.Nc3b5 Bf8d6
17.Nb5xd6 cxd6
18.Qc6xd6 Nd7f6
19.Qd6xd8 Ra8xd8
20.Bc1d2 O-O
21.Bd2b4 Rf8e8
22.Bb4c5 a6
23.b4 Nf6e4
24.a4 h6
25.f3 Ne4d2
26.Rf1d1 Nd2c4
27.b5 Nc4xe3
28.Rd1d3 Ne3xc2
29.Ra1c1 axb5
30.Rc1xc2 bxa4
31.Rd3a3 Rd8a8
32.Rc2a2 Re8b8
33.Ra3xa4 Rb8b1
34.Kf2 Ra8e8
35.Ra4a8 Re8xa8
36.Ra2xa8 Kh7
37.Ra8a7 Rb1b2
38.Kg3 f6
39.Bc5f8 Rb2d2
40.Ra7xg7 Kh8
41.Rg7f7 f5
42.Rf7f6 Rd2xd4
43.Rf6xh6 Kg8
44.Bf8c5 Rd4c4
45.Bc5e3 d4
46.Be3f2 e5
47.Rh6g6 Kf7
48.Rg6g5 Kf6
49.Kh4 d3
50.Kh5 d2
51.Rg5g6 Kf7
52.Rg6d6 Rc4c2
53.Rd6d5 d1Q
54.Rd5xd1 Rc2xf2
55.g4 Rf2xh2
56.Kg5 f4
57.Kf5 Rh2f2
58.Kxe5 Rf2xf3
59.Rd1d7 Ke8
60.Rd7d4 Ke7
61.Rd4xf4 Rf3e3
62.Rf4e4 Re3g3
63.Kf4 Kf6
64.Kxg3 Kg6
65.Kf4 Kf6
66.g5 Kf7
67.Kf5 Kf8
68.Kf6 Kg8
69.g6 Kf8
70.g7 Kg8
71.Re4e8 { abandon }1-0

[Event "HAWAII  2"]
[Site "www.echecsemail.com"]
[Date "2026.01.15"]
[Round "1"]
[White "Brettsinclair"]
[Black "Pgo"]
[WhiteElo "1890"]
[BlackElo "1770"]
[Result "0-1"]
1.b3 e5
2.Bc1b2 Nb8c6
3.c4 Bf8c5
4.Ng1f3 d6
5.d3 Ng8f6
6.Nb1c3 a6
7.h3 h6
8.e3 O-O
9.Bf1e2 Bc8f5
10.g4 Bf5h7
11.a3 Qd8e7
12.Qd1d2 Rf8e8
13.g5 hxg5
14.Nf3xg5 Bh7g6
15.e4 Nc6d4
16.O-O-O Nd4xb3
17.Kb1 Nb3xd2
18.Rd1xd2 Bc5xf2
19.h4 Bf2e3
20.Rd2d1 Be3xg5
21.hxg5 Nf6h7
22.Nc3d5 Qe7d7
23.Rd1g1 Ra8b8
24.Be2g4 Qd7d8
25.Bb2c1 Nh7xg5
26.Bc1xg5 Qd8xg5
27.Bg4d7 Qg5d8
28.Bd7g4 c6
29.Nd5c3 Qd8a5
30.Kb2 Qa5b6
31.Kc2 Qb6f2
32.Bg4e2 b5
33.cxb5 axb5
34.Kd2 Qf2f4
35.Kd1 Qf4e3
36.Rg1g2 Qe3d4
37.Rg2h2 Kf8
38.Kd2 b4
39.axb4 Qd4xb4
40.Rh1b1 Qb4a5
41.Kc2 Rb8xb1
42.Nc3xb1 Qa5a2
43.Kc1 Ke7
44.Nb1c3 Qa2a1
45.Kd2 Qa1b2
46.Ke3 Qb2xc3
47.Be2f3 d5
48.Rh2h4 d4
49.Kf2 Qc3xd3
50.Kg3 Qd3e3
51.Kg2 f6
52.Rh4g4 Qe3xf3
53.Kxf3 Bg6h5
{ abandon }0-1

[Event "Défi"]
[Site "www.echecsemail.com"]
[Date "2026.01.15"]
[Round "1"]
[White "Breton"]
[Black "Jerem51"]
[WhiteElo "1970"]
[BlackElo "1799"]
[Result "0-1"]
1.e4 e6
2.c4 d5
3.cxd5 exd5
4.e5 c5
5.d4 Nb8c6
6.Ng1f3 Bc8g4
7.Bc1e3 Qd8b6
8.dxc5 Bf8xc5
9.Be3xc5 Qb6xc5
10.Nb1d2 Nc6xe5
11.Ra1c1 Qc5e7
12.Qd1a4 Bg4d7
13.Bf1b5 Ne5d3
14.Kd1 Nd3xb2
15.Kc2 Nb2xa4
16.Rh1e1 Bd7xb5
17.Re1xe7 Ng8xe7
18.Kb3 Ne7c6
19.Rc1e1 Kd7
20.Nf3e5 Nc6xe5
21.Re1xe5 Na4c5
22.Kc3 Kd6
23.Nd2f3 Ra8c8
{ abandon }0-1

[Event "Tetraktus 103"]
[Site "www.echecsemail.com"]
[Date "2026.01.15"]
[Round "1"]
[White "Orosco"]
[Black "Alain64"]
[WhiteElo "2200"]
[BlackElo "2080"]
[Result "1/2-1/2"]
1.e4 c5
2.Ng1f3 Nb8c6
3.d4 cxd4
4.Nf3xd4 Nc6xd4
5.Qd1xd4 d6
6.Nb1c3 Ng8f6
7.Bf1b5 Bc8d7
8.Bb5xd7 Qd8xd7
9.f4 e6
10.O-O Bf8e7
11.f5 e5
12.Qd4d3 Ra8d8
13.Bc1e3 d5
14.exd5 Nf6xd5
15.Be3xa7 Nd5xc3
16.Qd3xc3 O-O
17.Ra1e1 f6
18.Ba7b6 Rd8c8
19.Qc3b3 Kh8
20.Re1d1 Qd7c6
21.Rd1d2 Be7c5
22.Bb6xc5 Qc6xc5
23.Kh1 b6
24.c3 Rf8d8
25.Rd2xd8 Rc8xd8
26.Rf1d1 Rd8xd1
27.Qb3xd1 h6
28.Qd1e2 Kg8
29.h4 Kf7
30.a3 Kg8
31.Kh2 Qc5d5
32.Kg3 e4
{ nul }1/2-1/2

[Event "Défi"]
[Site "www.echecsemail.com"]
[Date "2026.01.15"]
[Round "1"]
[White "Alain34"]
[Black "Khamis"]
[WhiteElo "2110"]
[BlackElo "1880"]
[Result "0-1"]
1.e4 c5
2.c3 d6
3.d4 cxd4
4.cxd4 Ng8f6
5.Nb1c3 e6
6.f4 Bf8e7
7.Ng1f3 Nb8c6
8.Bf1b5 O-O
9.O-O Bc8d7
10.Bb5a4 a6
11.a3 Ra8b8
12.Kh1 b5
13.Ba4c2 a5
14.Qd1d3 g6
15.Nc3xb5 Qd8c8
16.Nb5c3 Nc6a7
17.Ra1b1 Na7b5
18.Bc1d2 Nb5xc3
19.Bd2xc3 Bd7b5
20.Qd3d2 Bb5xf1
21.Rb1xf1 Qc8a6
22.Bc2d3 Qa6b7
23.Rf1e1 a4
24.Bd3c2 Rb8a8
25.Bc3a5 Qb7xb2
26.Ba5b4 Rf8c8
27.Re1e2 Be7f8
28.h3 Nf6h5
29.Kh2 Nh5xf4
30.Qd2xf4 Rc8xc2
31.Nf3g5 f5
32.Re2xc2 Qb2xc2
33.Qf4h4 h5
34.Ng5xe6 fxe4
35.Qh4f6 e3
36.Bb4xd6 Bf8xd6
{ abandon }0-1

[Event "Défi( 10J+24H/c 10J Max )"]
[Site "www.echecsemail.com"]
[Date "2026.01.15"]
[Round "1"]
[White "Tiounet"]
[Black "Titit1"]
[WhiteElo "1620"]
[BlackElo "1460"]
[Result "1-0"]
1.a3 d5
2.b4 e5
3.Bc1b2 d4
4.Ng1f3 f6
5.g3 Nb8c6
6.Bf1g2 Bf8d6
7.O-O Ng8e7
8.d3 Bc8e6
9.c3 Qd8d7
10.cxd4 O-O-O
11.dxe5 Nc6xe5
12.Nb1c3 a6
13.Ra1c1 Be6h3
14.Nf3xe5 Bd6xe5
15.Qd1c2 Ne7g6
16.Rf1e1 h5
17.Bg2h1 h4
18.Nc3e4 Be5xb2
19.Qc2xb2 f5
20.Ne4c5 Qd7e7
21.Bh1xb7 Kb8
22.Bb7xa6 hxg3
23.Ba6c4 Ng6f4
24.fxg3 Nf4h5
25.Nc5e6 Rd8d7
26.Qb2e5 Nh5f6
27.Qe5b5 Kc8
28.Qb5a6 Kb8
29.Ne6c5 c6
30.Nc5xd7 Qe7xd7
31.Qa6b6 Kc8
32.Bc4a6 Qd7b7
33.Qb6xb7 Kd8
34.Qb7b8 Ke7
35.Qb8xh8 Bh3g4
36.Qh8xg7 Ke6
37.Rc1xc6 Kd5
38.Qg7xf6 Bg4h3
39.Ba6c4 1-0

[Event "Transval 2"]
[Site "www.echecsemail.com"]
[Date "2026.01.15"]
[Round "1"]
[White "Turbo"]
[Black "4x4"]
[WhiteElo "1280"]
[BlackElo "1460"]
[Result "1-0"]
1.e4 e5
2.Ng1f3 d6
3.h3 Nb8c6
4.a3 Bc8e6
5.b3 Qd8d7
6.c4 O-O-O
7.Nb1c3 Ng8f6
8.Bf1d3 Bf8e7
9.O-O Nf6h5
10.Nf3h2 g6
11.b4 Nc6d4
12.Bd3c2 Nh5f4
13.d3 c5
14.Bc1xf4 exf4
15.Qd1d2 g5
16.Bc2a4 Qd7c7
17.Nc3d5 Be6xd5
18.cxd5 a6
19.Ra1c1 b5
20.Ba4c2 Nd4xc2
21.Rc1xc2 Kd7
22.bxc5 dxc5
23.Qd2e2 Be7f6
24.Qe2h5 Kc8
25.Rf1c1 Bf6d4
26.Qh5xg5 f6
27.Qg5f5 Kb8
28.Qf5e6 Qc7d6
29.Qe6g4 Rh8g8
30.Qg4d1 Rd8c8
31.Qd1d2 f5
32.Qd2a5 f3
33.Nh2xf3 Rc8c7
34.Nf3xd4 Rg8c8
35.Nd4xf5 Qd6f6
36.d6 Rc7c6
37.d7 Rc8d8
38.Rc2xc5 Rc6xc5
39.Rc1xc5 Rd8xd7
40.Qa5c3 Qf6xc3
41.Rc5xc3 a5
42.d4 Rd7c7
43.Rc3xc7 Kxc7
44.Nf5e3 Kb6
45.f4 b4
46.axb4 a4
47.d5 a3
48.Ne3c2 a2
49.Kf1 Kb5
50.Ke1 Kc4
51.Kd1 Kd3
52.e5 Ke4
53.d6 Kxf4
54.d7 Kxe5
55.d8Q Kf4
56.Qd8a8 h5
57.Qa8xa2 Kg3
58.Qa2d5 h4
59.Qd5f3 Kh2
60.g4 Kg1
61.Nc2e3 Kh2
62.Qf3g2 1-0

[Event "1001"]
[Site "www.echecsemail.com"]
[Date "2026.01.15"]
[Round "1"]
[White "4x4"]
[Black "Mindthegap"]
[WhiteElo "1490"]
[BlackElo "1430"]
[Result "0-1"]
1.f4 d5
2.Ng1f3 e6
3.e3 Ng8f6
4.Nf3e5 Nf6e4
5.d3 Qd8h4
6.g3 Ne4xg3
7.Rh1g1 Ng3e4
8.Ke2 Qh4xh2
9.Ke1 Qh2xg1
10.dxe4 Nb8c6
11.Ne5xc6 bxc6
12.exd5 Qg1g3
13.Kd2 Bc8b7
14.Qd1e2 O-O-O
15.Nb1c3 Bf8b4
16.a3 Rd8xd5
17.Qe2d3 Rd5xd3
18.cxd3 Bb4xc3
19.bxc3 Bb7a6
20.Bf1e2 Rh8d8
21.Bc1b2 Qg3g2
22.c4 Ba6xc4
23.Bb2c3 Rd8xd3
24.Ke1 Rd3xe3
25.Kd2 Qg2xe2
26.Kc1 Re3xc3
27.Kb1 Qe2c2
0-1

[Event "Tournoi n27394"]
[Site "www.echecsemail.com"]
[Date "2026.01.15"]
[Round "1"]
[White "Tiounet"]
[Black "Vb83"]
[WhiteElo "1660"]
[BlackElo "1450"]
[Result "0-1"]
1.a3 g6
2.b4 Bf8g7
3.Nb1c3 d5
4.Bc1b2 e6
5.g3 Nb8c6
6.Bf1g2 Ng8e7
7.Ng1f3 O-O
8.O-O a6
9.Qd1c1 b5
10.d3 Ne7f5
11.e3 Bg7h6
12.Nc3e2 d4
13.Nf3xd4 Nf5xd4
14.Ne2xd4 Nc6xd4
15.Bg2xa8 Nd4e2
{ abandon }0-1

[Event "Tournoi n27371"]
[Site "www.echecsemail.com"]
[Date "2026.01.15"]
[Round "1"]
[White "Patau"]
[Black "Lancien57"]
[WhiteElo "1710"]
[BlackElo "1430"]
[Result "1-0"]
1.e4 e5
2.Ng1f3 d6
3.d4 Nb8d7
4.Bf1c4 Bf8e7
5.O-O h6
6.Nb1c3 Ng8f6
7.dxe5 dxe5
8.Bc1e3 b6
9.h3 O-O
10.Qd1d3 Nd7c5
11.Be3xc5 bxc5
12.Ra1d1 Bc8b7
13.Qd3xd8 Be7xd8
14.Bc4d5 c6
15.Bd5c4 Bd8c7
16.Rd1d2 a6
17.Rf1d1 Ra8d8
18.Rd2xd8 Bc7xd8
19.Nf3xe5 Bd8c7
20.Ne5d7 Nf6xd7
21.Rd1xd7 Bb7c8
22.Rd7xc7 a5
23.Rc7xc6 Bc8b7
24.Rc6c7 Bb7xe4
25.Nc3xe4 a4
26.Ne4xc5 g6
27.Nc5xa4 Kg7
28.Na4c5 h5
29.Nc5e6 Kg8
30.Ne6xf8 Kxf8
31.Rc7xf7 Ke8
32.f4 h4
33.Kf2 g5
34.fxg5 Kd8
35.g6 Ke8
36.g7 Kd8
37.g8Q 1-0

[Event "Transval 2"]
[Site "www.echecsemail.com"]
[Date "2026.01.15"]
[Round "1"]
[White "Fouvolant"]
[Black "4x4"]
[WhiteElo "1370"]
[BlackElo "1460"]
[Result "0-1"]
1.e4 e5
2.Ng1f3 d6
3.d4 Nb8d7
4.Bf1c4 Nd7f6
5.Nb1c3 Bc8e6
6.Bc4b5 c6
7.Bb5e2 Ng8e7
8.O-O Be6g4
9.Bc1e3 Ne7c8
10.h3 Bg4xf3
11.Be2xf3 Bf8e7
12.Qd1d2 Nc8b6
13.b3 Qd8c7
14.Bf3e2 O-O-O
15.a4 Nf6e8
16.Be2g4 Kb8
17.a5 Nb6a8
18.Ra1a4 h5
19.Bg4e2 Be7f6
20.d5 c5
21.Nc3b5 Qc7d7
22.b4 a6
23.Nb5a3 Qd7xa4
{ abandon }0-1

[Event "CC Jan26 Asc(1/2)"]
[Site "www.echecsemail.com"]
[Date "2026.01.15"]
[Round "1"]
[White "Woluwe1975"]
[Black "Verson"]
[WhiteElo "1640"]
[BlackElo "1870"]
[Result "0-1"]
1.d4 d5
2.Ng1f3 Ng8f6
3.h3 e6
4.Bc1f4 Bf8d6
5.Nf3e5 c5
6.e3 O-O
7.c3 Nb8c6
8.Nb1d2 Qd8c7
9.Nd2f3 Nf6d7
10.Bf1d3 Nc6xe5
11.Nf3xe5 Nd7xe5
12.dxe5 Bd6e7
13.Qd1h5 g6
14.Qh5f3 b6
15.O-O-O Bc8b7
16.Rh1g1 d4
17.e4 a6
18.c4 b5
19.b3 bxc4
20.Bd3xc4 Bb7c6
21.Bf4h6 Rf8e8
22.g4 a5
23.Qf3g3 a4
24.Kb2 Qc7b6
25.Qg3d3 axb3
26.axb3 Ra8a5
27.Rd1a1 Re8a8
28.Ra1xa5 Qb6xa5
29.Kc2 Qa5a2
30.Kc1 Qa2a1
31.Qd3b1 Qa1c3
32.Kd1 Ra8a1
{ abandon }0-1

[Event "Défi( 10J+24H/c 10J Max )"]
[Site "www.echecsemail.com"]
[Date "2026.01.15"]
[Round "1"]
[White "Titit1"]
[Black "Patrick"]
[WhiteElo "1490"]
[BlackElo "1550"]
[Result "1-0"]
1.e4 c5
2.Nb1c3 d6
3.Ng1f3 e5
4.Bf1c4 Qd8e7
5.O-O a6
6.a3 Nb8c6
7.d3 f5
8.Nc3d5 Qe7f7
9.Nd5b6 Qf7g6
10.Nb6xa8 f4
11.c3 Bc8g4
12.Na8c7 Kd7
13.Nc7d5 b5
14.Bc4a2 Bf8e7
15.Bc1d2 Bg4h3
16.Nf3e1 Ng8h6
17.Qd1f3 a5
18.Qf3xh3 Kd8
19.Ne1f3 Rh8f8
20.Nd5b6 c4
21.dxc4 bxc4
22.Qh3d7 1-0

[Event "Défi"]
[Site "www.echecsemail.com"]
[Date "2026.01.15"]
[Round "1"]
[White "Bilitis"]
[Black "Calcedoine"]
[WhiteElo "1750"]
[BlackElo "1800"]
[Result "0-1"]
1.d4 d5
2.Ng1f3 Ng8f6
3.Nb1c3 Nb8c6
4.Bc1f4 Bc8f5
5.a3 a6
6.h3 h6
7.e3 e6
8.Bf1d3 Bf8d6
9.Bf4xd6 cxd6
10.Bd3xf5 exf5
11.Qd1d2 Qd8e7
12.O-O-O Nf6e4
13.Qd2e2 Ne4xc3
14.bxc3 Nc6a5
15.Nf3d2 Ra8c8
16.Qe2d3 g6
17.Kb2 Na5c4
18.Ka2 Qe7c7
19.Nd2xc4 dxc4
20.Qd3e2 d5
21.f3 O-O
22.g4 f4
23.e4 Qc7e7
24.Rd1b1 b5
25.Rb1b2 Rf8e8
26.e5 Rc8c6
27.Qe2d2 g5
28.Rh1e1 Rc6e6
29.Rb2b1 f6
30.Re1e2 fxe5
31.Rb1e1 Qe7f6
32.dxe5 Re6xe5
33.Re2xe5 Re8xe5
34.Re1xe5 Qf6xe5
35.Kb2 a5
36.Kc1 b4
37.axb4 axb4
38.Kb1 bxc3
39.Qd2d1 Qe5b8
40.Ka2 Qb8b2
0-1

[Event "Défi"]
[Site "www.echecsemail.com"]
[Date "2026.01.15"]
[Round "1"]
[White "Wenoketo"]
[Black "Vvvv"]
[WhiteElo "1670"]
[BlackElo "1720"]
[Result "1-0"]
1.d4 Ng8f6
2.Ng1f3 d5
3.Bc1f4 g6
4.h3 Bf8g7
5.e3 O-O
6.Nb1c3 Nb8d7
7.Nc3b5 e5
8.dxe5 Nf6e4
9.c3 Rf8e8
10.Qd1xd5 c6
11.Qd5xe4 cxb5
12.Bf1xb5 Nd7f6
13.Qe4c2 Nf6d7
14.Ra1d1 Re8e7
15.O-O a6
16.Bb5a4 b5
17.Ba4b3 Qd8b6
18.Rd1d6 Qb6b7
19.Rf1d1 Ra8a7
20.Rd1d2 Kf8
21.Qc2d1 Qb7c7
22.e6 fxe6
23.Rd6xe6 Bg7e5
24.Bf4xe5 Nd7xe5
25.Re6xe7 Ne5xf3
26.Qd1xf3 { abandon }1-0

[Event "Tournoi n27392"]
[Site "www.echecsemail.com"]
[Date "2026.01.15"]
[Round "1"]
[White "Tiounet"]
[Black "Mokanne"]
[WhiteElo "1610"]
[BlackElo "1440"]
[Result "1-0"]
1.a3 Nb8c6
2.b4 Ng8f6
3.Bc1b2 d5
4.g3 Bc8e6
5.Bf1g2 Be6d7
6.Nb1c3 e6
7.Ng1f3 h6
8.O-O a6
9.d3 Bf8d6
10.e3 Bd6e7
11.Nc3e2 b5
12.Ra1c1 Ra8b8
13.c4 Bd7c8
14.cxd5 Nc6a7
15.dxe6 Bc8xe6
16.Nf3d4 Be6d7
17.Qd1b3 c6
18.Nd4xc6 Bd7xc6
19.Bg2xc6 Na7xc6
20.Rc1xc6 Rb8a8
21.Ne2f4 O-O
22.d4 Nf6e4
23.Rf1d1 Qd8d7
24.Qb3d5 Qd7xd5
25.Nf4xd5 Ne4d6
26.Nd5xe7 Kh8
27.Rc6xd6 Rf8e8
28.Ne7f5 f6
29.Rd6d7 Kg8
30.Rd7xg7 Kf8
31.Rg7g6 Kf7
32.Rg6xh6 Re8h8
33.Rh6xh8 Ra8xh8
34.Rd1c1 { abandon }1-0

[Event "Défi( 10J+24H/c 10J Max )"]
[Site "www.echecsemail.com"]
[Date "2026.01.15"]
[Round "1"]
[White "Titit1"]
[Black "Tiounet"]
[WhiteElo "1460"]
[BlackElo "1620"]
[Result "0-1"]
1.d4 b5
2.e4 Bc8b7
3.d5 Ng8f6
4.f3 a6
5.Bc1e3 g6
6.Nb1c3 Bf8g7
7.Bf1d3 O-O
8.Ng1e2 d6
9.O-O c6
10.Qd1d2 cxd5
11.e5 dxe5
12.Be3h6 d4
13.Nc3d1 Rf8e8
14.h3 Bg7h8
15.f4 Qd8d5
16.Ne2g3 Qd5d7
17.fxe5 Nf6d5
18.h4 Qd7g4
19.Bh6g5 Qg4xg3
20.Rf1f3 Qg3g4
21.Bd3e2 Qg4c8
22.Ra1c1 Bh8xe5
23.h5 Nb8c6
24.hxg6 hxg6
25.Rf3h3 Qc8f5
26.Nd1f2 Nd5f4
27.Bg5xf4 Be5xf4
28.Qd2e1 Bf4xc1
29.Qe1xc1 Kg7
30.Be2g4 Qf5e5
31.Qc1h6 Kf6
32.Rh3h5 Re8h8
33.Qh6d2 Rh8xh5
34.Bg4xh5 Qe5xh5
35.Nf2e4 Ke5
36.Ne4c5 Bb7c8
37.Nc5d3 Kd6
38.Nd3f4 Qh5h6
39.Qd2f2 e5
40.Nf4e2 f5
41.Qf2e1 Qh6e3
42.Kh1 Bc8e6
43.Qe1d1 Ra8h8
0-1

[Event "Tournoi n27358"]
[Site "www.echecsemail.com"]
[Date "2026.01.15"]
[Round "1"]
[White "Fouvolant"]
[Black "Titit1"]
[WhiteElo "1380"]
[BlackElo "1490"]
[Result "0-1"]
1.e4 Ng8f6
2.e5 Nf6d5
3.d4 Nb8c6
4.Ng1f3 e6
5.Bf1d3 Bf8e7
6.O-O d6
7.c4 Nd5b4
8.Bd3e2 O-O
9.a3 Nb4a6
10.b4 b6
11.b5 Nc6b8
12.bxa6 Bc8xa6
13.Nb1c3 c6
14.Bc1b2 Nb8d7
15.Nf3d2 Ra8b8
16.f4 c5
17.Nc3e4 Qd8c7
18.exd6 Be7xd6
19.Ne4xd6 Qc7xd6
20.Nd2e4 Qd6e7
21.Qd1d2 Rb8d8
{ abandon }0-1

[Event "Tournoi n27312"]
[Site "www.echecsemail.com"]
[Date "2026.01.15"]
[Round "1"]
[White "Nbelnico"]
[Black "Chevalice"]
[WhiteElo "1750"]
[BlackElo "1680"]
[Result "0-1"]
1.e4 e5
2.Ng1f3 d6
3.h3 Ng8f6
4.Bf1c4 h6
5.O-O Bf8e7
6.Nb1c3 Nb8c6
7.d4 exd4
8.Nf3xd4 Nc6xd4
9.Qd1xd4 c5
10.Qd4e3 O-O
11.e5 dxe5
12.Bc4e2 Bc8d7
13.Nc3e4 Bd7c6
14.Ne4xf6 Be7xf6
15.Qe3xc5 Bc6d5
16.c4 Bd5c6
17.Qc5e3 e4
18.Qe3g3 Bf6g5
19.b3 Bg5f6
20.Bc1xh6 Bf6xa1
21.Rf1xa1 Qd8f6
22.Bh6xg7 Qf6xg7
23.Qg3e3 Qg7xa1
24.Kh2 Qa1g7
25.b4 f5
26.b5 f4
27.Qe3b3 f3
28.gxf3 exf3
29.Be2f1 Qg7e5
30.Kg1 Bc6d7
31.c5 Bd7e6
32.Qb3c2 Rf8f7
33.Kh1 Rf7g7
34.c6 Qe5g5
{ abandon }0-1

[Event "Tournoi n27282"]
[Site "www.echecsemail.com"]
[Date "2026.01.15"]
[Round "1"]
[White "Panchoa"]
[Black "Lancien57"]
[WhiteElo "1620"]
[BlackElo "1500"]
[Result "1-0"]
1.e4 e5
2.Ng1f3 d6
3.Bf1c4 Bf8e7
4.O-O h6
5.Nb1c3 Ng8f6
6.d3 Bc8d7
7.d4 exd4
8.Nf3xd4 Nb8c6
9.Nd4xc6 Bd7xc6
10.Rf1e1 O-O
11.Bc1f4 a6
12.Qd1f3 b5
13.Bc4e2 Bc6d7
14.Ra1d1 Bd7g4
15.Qf3g3 Qd8d7
16.e5 Nf6h5
17.Qg3xg4 Qd7xg4
18.Be2xg4 Nh5xf4
19.Re1e4 dxe5
20.Re4xe5 Be7f6
21.Re5f5 Nf4e6
22.Nc3d5 Rf8e8
23.Nd5xf6 gxf6
24.Rf5xf6 Kg7
25.Rf6f3 f6
26.Rd1d7 Kg6
27.h4 h5
28.Bg4xe6 Re8xe6
29.Rd7xc7 a5
30.Rf3g3 Kh6
31.Rg3g7 Ra8h8
32.Rg7g3 f5
33.Rg3g5 Re6e1
34.Kh2 Rh8f8
35.Rc7c6 Kh7
36.Rg5xh5 Kg7
37.Rh5g5 Kf7
38.Rg5xf5 Ke7
39.Rf5xb5 Rf8a8
40.h5 Kd7
41.Rc6h6 Re1e6
42.Rh6h7 Kc6
43.a4 Ra8a6
44.Rh7h8 Kd7
45.h6 Re6xh6
46.Rh8xh6 Kc7
47.Rh6xa6 Kc8
48.Rb5h5 Kb7
49.Ra6g6 Kc7
50.Rh5h7 Kd8
51.Rg6g8 1-0

[Event "Défi"]
[Site "www.echecsemail.com"]
[Date "2026.01.15"]
[Round "1"]
[White "Artistepeintre"]
[Black "Sam94"]
[WhiteElo "1540"]
[BlackElo "1500"]
[Result "0-1"]
1.e4 d5
2.e5 e6
3.d4 Bf8b4
4.c3 Bb4a5
5.Qd1a4 Nb8c6
6.Bf1b5 Ba5b6
7.Bb5xc6 bxc6
8.Qa4xc6 Bc8d7
9.Qc6b7 Bd7b5
10.a4 Ra8b8
11.Qb7xb8 Qd8xb8
12.axb5 Ng8e7
13.Bc1g5 h6
14.Bg5h4 Ne7f5
15.Ng1f3 O-O
16.Nb1d2 Nf5xh4
17.Nf3xh4 Qb8d8
18.Nd2f3 g5
19.g3 gxh4
20.gxh4 Kh7
21.Rh1g1 f5
22.Rg1g2 Qd8d7
23.h5 Qd7xb5
24.Ra1b1 Qb5d3
25.Nf3d2 c5
26.Rg2g3 Qd3c2
27.Rg3g6 cxd4
28.Rg6xe6 Rf8g8
29.Re6e7 Kh8
30.e6 dxc3
31.bxc3 Rg8g1
32.Ke2 Rg1xb1
33.Re7e8 Kg7
34.Re8d8 Rb1b2
35.Rd8d7 Kf6
36.e7 Qc2xd2
37.Kf3 Qd2xf2
0-1

[Event "Coupe Niveau 5"]
[Site "www.echecsemail.com"]
[Date "2026.01.15"]
[Round "1"]
[White "Nbelnico"]
[Black "Jmarcboury"]
[WhiteElo "1740"]
[BlackElo "2220"]
[Result "0-1"]
1.e4 c5
2.e5 Nb8c6
3.Ng1f3 Qd8c7
4.Qd1e2 e6
5.Qe2e3 Ng8h6
6.Bf1d3 Nh6g4
7.Qe3e2 Ng4xe5
8.O-O d5
9.c3 Ne5xd3
10.Qe2xd3 c4
11.Qd3c2 Bf8d6
12.d3 cxd3
13.Qc2xd3 O-O
14.Kh1 Nc6e7
15.Nf3g5 f5
16.Qd3h3 h6
17.Ng5f3 f4
18.Qh3h5 e5
19.b3 Rf8f5
20.Qh5h4 Ne7g6
21.Qh4h3 e4
22.Nf3d4 Rf5g5
23.Nd4b5 Bc8xh3
24.Nb5xc7 Bh3xg2
25.Kg1 Bg2f3
0-1